| 000 | 00533nam a22001457a 4500 | ||
|---|---|---|---|
| 008 | 230731b |||||||| |||| 00| 0 eng d | ||
| 040 |
_aNational Science Library _cNational Science Library |
||
| 245 |
_aWind and seismic effects _c/ Proceedings of the sixth joint UJNR panel conference US Department of Commerce 15-17 May, 1974 |
||
| 260 |
_aWashington: _bUS Department of Commerce, _c1976 |
||
| 300 | _axx, vi-31p. | ||
| 500 | _aNBS special publication 444 | ||
| 650 | _aProceedings | ||
| 700 | _aLew, H S (Ed.) | ||
| 942 |
_2udc _cPR |
||
| 999 |
_c56179 _d56179 |
||